|
|
|
|
| LEADER |
01037nam a2200205 u 4500 |
| 001 |
10115917 |
| 003 |
GR-PaULI |
| 005 |
20230110125654.0 |
| 008 |
150424s19uu gr gre |
| 952 |
|
|
|0 0
|1 0
|2 ddc
|4 0
|6 470_071000000000000_2_ΛΕΞ
|7 0
|9 367095
|a LISP
|b LISP
|c DON
|d 2023-01-10
|e ΠΑΤ
|i 256779
|l 0
|o 470.071 2 ΛΕΞ
|p 025000290882
|r 2023-01-10 00:00:00
|t 1
|v 2023.00
|w 2023-01-10
|y BKN
|
| 999 |
|
|
|c 214544
|d 214544
|
| 040 |
|
|
|a GR-PaULI
|c GR-PaULI
|b gre
|e AACR2
|
| 082 |
1 |
4 |
|a 470.071 2
|2 23
|
| 245 |
0 |
0 |
|a Λεξιλόγιον της "Αινειάδος" του Βεργιλίου /
|c Θεωρητικά Φροντιστήρια Αττικής "Ελευθεριάδη Αντωνίου".
|
| 260 |
|
|
|a Αθήναι :
|b [χ.ό.],
|c [19--].
|
| 300 |
|
|
|a 101 σ. ;
|c 24 εκ.
|
| 650 |
|
4 |
|9 77110
|a Λατινική γλώσσα
|x Μελέτη και διδασκαλία (Μέση)
|
| 710 |
|
|
|9 195351
|a Θεωρητικά Φροντιστήρια Αττικής "Ελευθεριάδη Αντωνίου"
|
| 942 |
|
|
|2 ddc
|c BK
|
| 998 |
|
|
|c ΜΠΟΥΡΑΣ
|d 2023-01
|